Integrated pest management of tropical perennial crops (Record no. 41799)

MARC details
000 -LEADER
fixed length control field 00371nam a2200133Ia 4500
082 ## - DEWEY DECIMAL CLASSIFICATION NUMBER
Classification number 632.9:633
Item number MAR
100 ## - MAIN ENTRY--AUTHOR NAME
Personal name Mariau, Dominique
245 #0 - TITLE STATEMENT
Title Integrated pest management of tropical perennial crops
260 ## - PUBLICATION, DISTRIBUTION, ETC. (IMPRINT)
Place of publication USA
Name of publisher Scientific Publishers
Year of publication 1999
650 ## - SUBJECT ADDED ENTRY--TOPICAL TERM
Topical Term Pest control
650 ## - SUBJECT ADDED ENTRY--TOPICAL TERM
Topical Term Tapping pests
942 ## - ADDED ENTRY ELEMENTS (KOHA)
Koha item type Books
Holdings
Withdrawn status Lost status Damaged status Not for loan Home library Current library Date acquired Cost, normal purchase price Full call number Accession Number Koha item type
        RRII Library RRII Library 16/12/2021 495.00 632.9:633 MAR 22085 Books